| 000 | 00530nam a2200181 a 4500 | ||
|---|---|---|---|
| 003 | DO-SdBNP | ||
| 005 | 20240320074002.0 | ||
| 007 | ta | ||
| 008 | 220830e2012 dr ||||gr|||| 001 0 spa d | ||
| 040 |
_aDO-SdBNP _bspa _cBNPHU |
||
| 082 | 4 |
_222 _bP349c |
|
| 245 | 1 | 0 |
_aCincuenta años de la Madre y Maestra _cAngela Peña;Editor, Rafael Bello Peguero |
| 260 |
_aSanto Domingo : _bAmigo del Hogar, _c2012 |
||
| 300 |
_a16 p. ; _c23 cm. |
||
| 700 | 1 |
_aBello Peguero, Rafael, _d1932-2022 _eed. _92405 |
|
| 910 | _aMFeliz | ||
| 942 |
_2ddc _cLF2 |
||
| 999 |
_c52344 _d52344 |
||